| 000 | 00396pam a2200157a 44500 | ||
|---|---|---|---|
| 008 | 230515b2005 xxu||||| |||| 00| 0 eng d | ||
| 020 | _aNULL | ||
| 041 | _aENGL | ||
| 082 | _a306.72 DHA | ||
| 100 | _a"DHAM DHERE, S." | ||
| 245 | _aMAHARASHTRATIL SCHIN PANLOTE AND JALSAN DHARAN | ||
| 250 | _aN.D. | ||
| 260 |
_aNEW DELHI _bSTERLING PUBLISHERS P LTD _c2005 |
||
| 300 | _a160 | ||
| 650 | _aN.D. | ||
| 999 |
_c539996 _d539996 |
||